Statistics for MCU Character Name

Click here to take the quiz!

General Stats

  • This quiz has been taken 37 times
  • The average score is 11 of 15

Answer Stats

ActorNameAlter-Ego% Correct
Robert Downey Jr.Tony StarkIron Man
100%
Tom HollandPeter ParkerSpider-Man
94%
Edward Norton/Mark RuffaloBruce BannerHulk
88%
Scarlett JohanssonNatasha RomanoffBlack Widow
88%
Benedict CumberbatchSteven StrangeDoctor Strange
88%
Chris EvansSteve RogersCaptain America
88%
Sebastian StanJames "Bucky" BarnesWinter Soldier
74%
Chris PrattPeter QuillStar-Lord
74%
Jeremy RennerClint BartonHawkeye
71%
Anthony MackieSam WilsonFalcon
68%
Chris HemsworthThor OdinsonThor
68%
Paul RuddScott LangAnt-Man
62%
Brie LarsonCarol DanversCaptain Marvel
56%
Terrence Howard/Don CheadleJames RhodesWar Machine
56%
Tom HiddlestonLoki LaufeysonLoki
50%

Score Distribution

Percentile by Number Answered

Percent of People with Each Score

Your Score History

You have not taken this quiz